书目信息 |
| 题名: |
有限和紧群的表示论
|
|
| 作者: | 丘维声 著 | |
| 分册: | ||
| 出版信息: | 北京 北京大学出版社 1997.12 |
|
| 页数: | 333页 | |
| 开本: | 32开 | |
| 丛书名: | ||
| 单 册: | ||
| 中图分类: | ||
| 科图分类: | ||
| 主题词: | 代数 , 数论 , 组合数学 | |
| 电子资源: | ||
| ISBN: | 7-301-03430-X | |
| 000 | 00614nam0 2200229 45 | |
| 001 | 9911301586 | |
| 005 | 20000729093425.2 | |
| 010 | @a7-301-03430-X@d15.50元 | |
| 100 | @a19991130d1997 km y0chiy0120 ea | |
| 101 | @achi | |
| 105 | @a z 000yy | |
| 200 | 1 | @a有限和紧群的表示论@AYou Xian He Jin Qun De Biao Shi Lun@f丘维声著@FQiu Wei Sheng Zhu |
| 210 | @a北京@c北京大学出版社@d1997.12 | |
| 215 | @a333页@d32开 | |
| 606 | 0 | @a代数 |
| 606 | 0 | @a数论 |
| 606 | 0 | @a组合数学 |
| 690 | @v3 | |
| 690 | @aO152.6@v3 | |
| 701 | @a丘维声@4著 | |
| 801 | @aCN@bPFTUser@c19991130 | |
| 905 | @dO152.6@eQ797@b81665-669@f5 | |
| 有限和紧群的表示论/丘维声著.-北京:北京大学出版社,1997.12 |
| 333页;32开 |
| ISBN 7-301-03430-X:15.50元 |
| ● |
| 相关链接 |
|
|
|
正题名:有限和紧群的表示论
索取号:O152.6/Q797
 
预约/预借
| 序号 | 登录号 | 条形码 | 馆藏地/架位号 | 状态 | 备注 |
| 1 | 81665 | 200816652 | 自科二线504/504自科库 48排2列1层/ [索取号:O152.6/Q797] | 在馆 | |
| 2 | 81666 | 200816661 | 自科库401/401自科库 42排1列3层/ [索取号:O152.6/Q797] | 在馆 | |
| 3 | 81667 | 200816670 | 自科二线504/504自科库 48排2列1层/ [索取号:O152.6/Q797] | 在馆 | |
| 4 | 81668 | 200816689 | 自科二线504/504自科库 48排2列1层/ [索取号:O152.6/Q797] | 在馆 | |
| 5 | 81669 | 200816698 | 自科库401/401自科库 42排1列3层/ [索取号:O152.6/Q797] | 在馆 |